000 00747nam a2200229 a 4500
001 3929
003 BD-RjUL
005 20211208233813.0
008 131221s1960 ncu b 001 0 eng
035 _a(BD-RjUL)3963
040 _aDLC
_cODaWU
_dDLC
_dBD-RjUL
_beng
041 _aeng
082 0 0 _a341
_bMCW 1960
_223
100 1 _aMcClure, Wallace
_912523
245 1 0 _aWorld legal order :
_bpossible contributions by the people of the United States /
_cWallace McClure.
260 _aChapel Hill :
_bUniversity of North Carolina Press,
_cc1960.
300 _axvi, 366 p. ;
_c24 cm.
504 _aBibliography: p. [348]-357.
610 2 0 _aUnited Nations.
_9147791
650 0 _aInternational and municipal law
_zUnited States.
_912525
942 _2ddc
_cBK
999 _c3929
_d3929